healing florr.io petals - Estadísticas

Estadísticas generales
  • Esta prueba ha sido intentada 8 veces
  • La puntuación promedio es 9 de 10
Estadísticas de respuestas
Hint Respuesta % Correcto
shield (heal conversion) A amulet
100%
heal D dahlia
100%
heal (periodic) L leaf
100%
heal R rose
100%
shield S shell
100%
heal S starfish
100%
heal (defensive pos.) Y yucca
100%
heal bonusses B basil
83%
heal (poison) L lotus
83%
heal (periodic) D dandelion
50%
No se encontraron pruebas coincidentes
Distribución de puntuación
Porcentaje de gente con cada puntuación
Porcentaje por número respondido
Historial de tus puntuaciones
No has intentado esta prueba.